El Alcalde de Zalamea

Furkejuvvon:
Bibliográfalaš dieđut
Váldodahkki: Calderón de la Barca, Pedro
Materiálatiipa: Girji
Giella:Undetermined
Almmustuhtton: Buenos Aires, Argentina Kapelusz 1966
Fáttát:
Fáddágilkorat: Lasit fáddágilkoriid
Eai fáddágilkorat, Lasit vuosttaš fáddágilkora!

MARC

LEADER 00000nam a2200000Ia 4500
008 170316s9999 xx 000 0 und d
040 |a cru BVZT 
090 |a 862 C-3al 
100 |a Calderón de la Barca, Pedro 
245 |a El Alcalde de Zalamea 
260 |a Buenos Aires, Argentina 
260 |b Kapelusz 
260 |c 1966 
300 |a 120 páginas 
650 |a LITERATURA ESPAÑOLA 
650 |a TEATRO 
942 |c 15 D 
999 |c 9727  |d 9727